| 000 | 00796cab a2200265 4500 | ||
|---|---|---|---|
| 001 | ABS40370 | ||
| 008 | 090401t1989 xxu||||| |||| 00| 0 eng d | ||
| 035 | _a(Sirsi) u23355 | ||
| 041 | _aeng | ||
| 100 | _aLee, A. | ||
| 245 | _aAre festivals fulfilling their promises? | ||
| 260 | _c1989 | ||
| 350 | _a0 | ||
| 490 |
_aEstates Times _v(981) 10 February 1989, 15(1) |
||
| 520 | _aReports on the ethos of garden festivals , paying particular attention to subsequent use of the site. Reviews plans for the next two events at Gateshead in 1990 and Ebbw Vale in 1992. | ||
| 650 | _aFUNDING | ||
| 650 | _aGLASGOW | ||
| 650 | _aJOINT VENTURE | ||
| 650 | _aLIVERPOOL | ||
| 650 | _aSTOKE | ||
| 650 | _aWALES | ||
| 690 | _aPLANNING LAW AND PRACTICE | ||
| 942 | _n0 | ||
| 948 | _c04/03/1997 | ||
| 999 |
_c15613 _d15613 |
||